000 00733nam a2200289Ia 4500
005 20260324143311.0
008 008 260324s9999 xx 000 0 eng d
020 _a9780429083167
037 _aEBOOK
040 _aCRL
040 _beng
040 _cCRL
041 _2eng
041 _aeng
084 _qCRL
100 _aHarry E. Mottley Jr.; Norbert L. Enrick; Ronald H. Lester
_91215143
245 0 _aQuality Control for Profit
245 0 _bGaining the Competitive Edge, Third Edition,
260 _bTaylor and Francis
260 _c1992
365 _a
365 _b465
856 _uhttp://www.taylorfrancis.com/books/9780429083167
942 _cEBOOK
999 _c1820346
_d1820346